Smrť Jánošíkova /

Hlavní autor: Botto, Ján, 1829-1881
Další autoři: Duša, Ferdiš, 1888-1958
Jazyk: Slovenština
Vydáno: V Trenčianskej Teplej : Kruh priateľov Slovenska, 1921
Edice: Holubica ; sv. 1
Témata:
Fyzický popis: 69 s. : il.
Knihy
Uloženo v:
LEADER 01021nam a22002892a 4500
001 001869442
003 CZ BrMZK
005 20230901065950.0
007 ta
008 230830s1921 xo a er|||||||||||slo d
040 |a ABA001  |b cze  |c CBA001  |d ABA001  |d BOA001  |e aacr2 
072 7 |a 821.162.4  |x Slovenská literatura  |2 Konspekt  |9 25 
080 9 |a (0:82-13)  |2 MRF 
080 |a 821.162.4-1  |2 MRF 
100 1 |a Botto, Ján,  |d 1829-1881  |7 jn19990210129  |4 aut 
245 1 0 |a Smrť Jánošíkova /  |c Ján Botto ; vyzdobil a do dreva vyryl Ferdiš Duša 
260 |a V Trenčianskej Teplej :  |b Kruh priateľov Slovenska,  |c 1921 
300 |a 69 s. :  |b il. 
490 1 |a Holubica ;  |v sv. 1 
655 7 |a slovenská poezie  |7 fd183397  |2 czenas 
655 7 |a epická poezie  |7 fd132205  |2 czenas 
700 1 |a Duša, Ferdiš,  |d 1888-1958  |7 jk01023381  |4 ill 
830 0 |a Holubica ;  |v sv. 1 
910 |a BOA001  |b 2-0058.526,1 
990 |a BK 
993 |a Y 
996 7 |b 2618731231  |c 2-0058.526,1  |l MZK  |r Sklad / do 24 hodin  |n 1  |w 001936901  |u 000010  |a 1  |e BOA001  |j MZK50  |s A